New directions in jewellry

Bibliographic Details
Main Author: Astfalck, Jivan
Other Authors: Caroline Broadhead, Paul Derrez
Format: Book
Published: London : Black dog , 2005
Subjects:

MARC

LEADER 00000cam a2200000 7i4500
001 0000016794
005 20080429.0
008 080429
020 |a 1904772196 
090 0 0 |a 391.7   |b AST 
100 1 |a Astfalck, Jivan, 
245 1 0 |a New directions in jewellry   |c Jivan Astfalck 
260 |a London :   |b Black dog ,   |c 2005 
650 0 |a Jewellry   |x Customs & fashion 
700 1 |a Caroline Broadhead 
700 1 |a Paul Derrez 
999 |a 0001014021   |b Book   |c REFERENCE   |e Perbadanan Perpustakaan Awam Johor